02033nam a2200253 a 4500001001000000003000900010005001700019008004100036020001800077040002500095082001200120245015900132260010300291300003600394490004400430500007300474505101800547650002601565650004901591651003201640700003601672700002701708830004401735000048412DO-SdBNP20251027110546.0190312s2018 dr 000 0 spa d a9789945472967 aDO-SdBNPbspacBNPHU a972.90100aDe la desaparición a la permanencia :bindígenas e indios en la reinvención del Caribe /ccompiladores Roberto Valcárcel Rojas, Jorge Ulloa Hung,. aSanto Domingo :bFundación García Arévalo,bInstituto Tecnológico de Santo Domingo,c2018. a429 p. :bil., retrs. ;c23 cm.1 aLos indígenas Más allá de Colón aIncluye referencias bibliográficas y notas al pie de las páginas aProtagonismo y persistencias -- Cuba colonial. Indios locales y de la diáspora 43 -- Supervivencia e impronta de indios y sus descendientes en el Santiago de Cuba colonial (siglo XVI al XIX) 83 -- Indios de La Habana: mestizaje y transculturación 121 -- Categorías y destinos coloniales -- Centros indígenas de conexión en las islas occidentales de Sotavento (1493-1631) 145 -- Las muertes del indio 175 -- Investigaciones sobre el encuentro y el mundo colonial -- Sobrevivencia indígena en el Puerto Rico colonial: una reevaluación de su legado 201 -- Arqueología y patrimonio de los Kalínago en las islas de San Vicente y Granada 227 -- Arqueología en Managuaco. Presencia de indios en una hacienda colonial cubana 247 -- Cultura y legado -- Conciencia e intencionalidad: el gens indocubano de los Rojas-Ramírez 281 -- La irrupción del estilo criollo. Influencias hispánicas en la alfarería taína 331 -- Legado indígena. Cerámica y artesanía en la República Dominicana 369. 4aIndígena del caribe 4aArqueología indígienazCaribe (Región) 0aCaribe (Región)xHistoria1 aValcárcel Rojas, Robertoeed.1 aUlloa Hung, Jorgeeed. 0aLos indígenas Más allá de Colón